Pulverizados / (Record no. 136779)

MARC details
000 -CABECERA
campo de control de longitud fija 01911nam a22003614i 4500
001 - NÚMERO DE CONTROL
campo de control 991061509079206706
003 - IDENTIFICADOR DEL NÚMERO DE CONTROL
campo de control ES-BaIT
005 - FECHA Y HORA DE LA ÚLTIMA TRANSACCIÓN
campo de control 20251104101320.0
008 - DATOS DE LONGITUD FIJA--INFORMACIÓN GENERAL
campo de control de longitud fija 251029e202503 sp |||| |||| 0|0 d spa|c
017 ## - NÚMERO DE COPYRIGHT O DE DEPÓSITO LEGAL
Número de copyright o de depósito legal DL M 26548-2025
Agencia que asigna Oficina DL Madrid
020 ## - NÚMERO INTERNACIONAL ESTÁNDAR DEL LIBRO
Número Internacional Estándar del Libro 9788412820560
040 ## - FUENTE DE LA CATALOGACIÓN
Centro catalogador/agencia de origen ES-BaIT
Lengua de catalogación cat
Normas de descripción rda
Centro/agencia transcriptor ES-BaIT
041 1# - CÓDIGO DE LENGUA
Código de lengua del texto/banda sonora o título independiente spa
Código de lengua original fre
080 ## - NÚMERO DE LA CLASIFICACIÓN DECIMAL UNIVERSAL
Número de la Clasificación Decimal Universal 840-2"20"
080 ## - NÚMERO DE LA CLASIFICACIÓN DECIMAL UNIVERSAL
Número de la Clasificación Decimal Universal 82-27"20"
100 1# - ENTRADA PRINCIPAL--NOMBRE DE PERSONA
Nombre de persona Badea, Alexandra,
Fechas asociadas al nombre 1980-
Término indicativo de función/relación autor
9 (RLIN) 167744
245 10 - MENCIÓN DE TÍTULO
Título Pulverizados /
Mención de responsabilidad, etc. Alexandra Badea; traducción Borja Mozo Martín
250 ## - MENCIÓN DE EDICIÓN
Mención de edición Primera edición
264 #1 - PRODUCCIÓN, PUBLICACIÓN, DISTRIBUCIÓN, FABRICACIÓN Y COPYRIGHT
Producción, publicación, distribución, fabricación y copyright Madrid :
Nombre del de productor, editor, distribuidor, fabricante Demipage,
Fecha de producción, publicación, distribución, fabricación o copyright marzo de 2025
300 ## - DESCRIPCIÓN FÍSICA
Extensión 94 pàgines ;
Dimensiones 23 cm
336 ## - TIPO DE CONTENIDO
Término de tipo de contenido text
Código de tipo de contenido txt
Fuente rdacontent
337 ## - TIPO DE MEDIO
Nombre/término del tipo de medio sense mediació
Código del tipo de medio n
Fuente rdamedia
338 ## - TIPO DE SOPORTE
Nombre/término del tipo de soporte volum
Código del tipo de soporte nc
Fuente rdacarrier
500 ## - NOTA GENERAL
Nota general P4: D2, H2
520 ## - SUMARIO, ETC.
Sumario, etc. "Con una estructura basada en monólogos entrelazados, la autora presenta a cuatro personajes que habitan en diferentes lugares del mundo y cuyas vidas están marcadas por un sistema que prioriza la eficiencia económica sobre la dignidad humana. En Shanghái, una operaria soporta jornadas interminables y humillaciones constantes en una fábrica, reflejo de la deshumanización industrial. En Dakar, un supervisor de teleoperadores lucha con el dilema ético de implementar políticas deshumanizantes paracumplir con objetivos de rendimiento. En Lyon, un responsable de calidad ve cómo las demandas laborales deterioran sus relaciones personales, mientras en Bucarest, una ingeniera enfrenta la presión de integrarse y ascender en un entorno altamente competitivo." -- Casa del llibre
650 #0 - PUNTO DE ACCESO ADICIONAL DE MATERIA--TÉRMINO DE MATERIA
Término de materia o nombre geográfico como elemento de entrada Monòlegs francesos
Subdivisión cronológica S. XXI
Subdivisión general Textos dramàtics
9 (RLIN) 167745
650 #0 - PUNTO DE ACCESO ADICIONAL DE MATERIA--TÉRMINO DE MATERIA
Término de materia o nombre geográfico como elemento de entrada Dignitat
Subdivisión general Textos dramàtics
9 (RLIN) 167746
650 #0 - PUNTO DE ACCESO ADICIONAL DE MATERIA--TÉRMINO DE MATERIA
Término de materia o nombre geográfico como elemento de entrada Economia del treball
Subdivisión general Textos dramàtics
9 (RLIN) 167747
700 1# - ENTRADA AGREGADA--NOMBRE PERSONAL
Nombre de persona Mozo Martín, Borja,
Término indicativo de función/relación traductor
9 (RLIN) 167748
908 ## - COLOCAR PARÁMETRO DE COMANDO (RLIN)
Colocar parámetro de comando CDMAE
940 ## - EQUIVALENCIA O REFERENCIA-CRUZADA--TÍTULO UNIFORME [OBSOLETO] [solamente CAN/MARC]
Título uniforme <a href="CVA2">CVA2</a>
942 ## - ELEMENTOS DE ENTRADA AGREGADA (KOHA)
Fuente del sistema de clasificación o colocación Clasificación decimal universal
Tipo de ítem Koha Llibre
Holdings
Estado de retiro Estado de pérdida Fuente del sistema de clasificación o colocación Estado dañado No para préstamo Localización permanente Ubicación/localización actual Ubicación en estantería Fecha de adquisición Fuente de adquisición Total de préstamos Signatura topográfica completa Código de barras Fecha visto por última vez Precio válido a partir de Tipo de ítem Koha
    Clasificación decimal universal     Biblioteca Barcelona Biblioteca Barcelona BCN Lliure Accés 04/11/2025 Compra   82-27 BAD pul 1900089425 04/11/2025 04/11/2025 Llibre

Powered by Koha